Bamako - Choix multiples - Statistiques

Statistiques générales
  • Ce quiz a été pris 1 984 fois
    1 970 depuis la dernière actualisation
  • Le résultat moyen est 6 sur 10
Statistiques - réponses
Question Réponse % Correct
Quelle chanteuse franco-malienne, née à Bamako en 1995, est l'une des artistes francophones les plus écoutées dans le monde ? Aya Nakamura
94%
Qu'est-ce que le RDA, fondé en 1946 à Bamako et déterminant dans l'Histoire africaine récente ? Rassemblement démocratique africain
75%
Laquelle de ces tours peut-on trouver à Bamako?
71%
Quel fleuve passe par la ville de Bamako? Le Niger
65%
En quelle année Bamako est-elle devenue la capitale du Mali? 1960
64%
Quelle religion est pratiquée par un grand nombre de Bamakois dans le lieu de culte nommé Fayçal ? L'Islam
63%
Quel animal que l'on trouvait dans les marigots de Bamako est devenu le symbole de la ville ? Le crocodile
50%
Quelle commune francilienne est parfois surnommée le "Petit Bamako" en raison de sa forte population d'origine malienne ? Montreuil
42%
Quel président a gouverné le Mali d'une main de fer pendant plus de 20 ans, après un coup d'État en 1968 à Bamako ? Moussa Traoré
41%
Quelle est la langue la plus parlée à Bamako? Le bambara
39%
Aucun quiz correspondant
Distribution des résultats
% des personnes avec chaque résultat
Percentile par nombre de réponses
Votre historique - résultats
Vous n’avez pas pris ce quiz depuis la dernière actualisation